| 000 | 00420nam a2200133 4500 | ||
|---|---|---|---|
| 005 | 20260327094219.0 | ||
| 008 | 260327b |||||||| |||| 00| 0 eng d | ||
| 020 | _a978-93-90780-58-7 | ||
| 100 | _aPandey Rakesh Kumar | ||
| 245 |
_aAn Introduction to Metric Spaces and Fixed Point Theory _c/Rakesh Kumar Pandey |
||
| 260 |
_aNew Delhi; _bRandom Publications LLP; _c2022 |
||
| 300 |
_aviii,337p.ill; _c24cm |
||
| 942 |
_2lcc _n0 _cBK |
||
| 999 |
_c202 _d202 |
||